000 01240nam a2200325 4500
001 179016
003 ES-MaACL
005 20240129115655.0
008 110822s2009 sp |||| | spa d
020 _a978-84-96453-35-7
080 _a330.84/.86(47+57)
080 _a316.334.2(470)
080 _a331.103(470)
080 _a338.2(470)"1989/..."
100 1 _aRolle, Pierre.
_9147678
245 1 0 _aDe la revolución del trabajo al trabajo revolucionado
_b: investigaciones sobre las transformaciones de la Unión Soviética y Rusia /
_cPierre Rolle ; edición y traducción, Jorge García López y Alberto Riesco Sanz.
250 _a1ª ed.
260 _aMadrid :
_bTraficantes de Sueños,
_c2009.
300 _a234 p. ;
_c22 cm.
490 1 _aBifurcaciones ;
_v3
504 _aBibliografía: p. 231-234.
650 0 7 _aSocialismo-
_zURSS.
_917165
650 0 7 _aSociología industrial-
_zRusia.
_9147680
650 0 7 _aOrganización del trabajo-
_zRusia.
_9147681
651 7 _aRusia-
_xPolítica económica-
_y1989-
_9147679
830 0 _aBifurcaciones ;
_v3
_9224376
852 _aES-MaACL
_9185885
_jA-11401
_bR.145879
_dOlim: N-4405
_cDEPO1
942 _2udc
_cMONOGRAFIA
999 _c179016
_d179016